000 01185cab a2200253 4500
001 X640
008 090401t1993 xxu||||| |||| 00| 0 eng d
035 _a(Sirsi) u66716
041 _aeng
245 _aMancetter Developments Ltd v SoS Environment; Peterborough CC and Kesteven Fruit Co
260 _c1993
350 _a0
490 _aJournal of Planning and Environment Law
_v1993 JPL 439-445(7)
520 _aQBD 27 July 1992. Superstore applications called in - planning permission granted for warehouse development on site opposite - traffic generation - prejudice to determination of call-in application - alleged failure to comply with Regulation 5(1)(b) of the Town and Country Planning (Apeals) (Written Representation Procedure) Regulations 1987 - qualifying representations trade - no justification of appeal - substantial prejudice occured. Case Headnote.
650 _aBREACH OF WRITTEN REPRESENTATION
650 _aPLANNING APPLICATIONS
650 _aSUBSTANTIAL PREJUDICE
650 _aSUPERSTORE
650 _aTRAFFIC GENERATION
650 _aWAREHOUSE DEVELOPMENT
690 _aPLANNING LAW AND PRACTICE-CASE LAW
942 _n0
948 _c04/03/1997
999 _c41678
_d41678